| 000 | 00421nam a2200181Ia 4500 | ||
|---|---|---|---|
| 008 | 210210b1930 xxu||||| |||| 00| 0 eng d | ||
| 041 | _aeng | ||
| 082 | _a822/820 | ||
| 100 | _aMANSON (J B) | ||
| 245 | _aEnglish oil colour painters | ||
| 260 |
_aLondon _bErnest Benn Limited _c1930 |
||
| 650 | _apainters | ||
| 650 | _aoil | ||
| 650 | _aEnglish | ||
| 650 | _acolour | ||
| 690 | _aEnglish Prose | ||
| 906 | _a013004 | ||
| 999 |
_c131838 _d131838 |
||